000
00270nam a22001097a 4500
082
_a
620.0042 CAR'M
100
_a
CARROLLEL, J. M
_9
77139
245
_a
MECHANICAL DESIGN FOR ELECTRONIC PRODUCTION
260
_a
NEWYORK
_b
MCGRAW HILL
_c
1956
300
_a
348P
942
_c
BK
999
_c
582464
_d
582464